Catálogo
 En Linea

Catálogo cronológico de reales cédulas órdenes, decretos, provisiones, etc., referentes a América 1508-1810 : (Registro nro. 35135)

Detalles MARC
000 -CABECERA
campo de control de longitud fija 00623nam a2200133 a 4500
001 - NÚMERO DE CONTROL
campo de control 000035644
005 - FECHA Y HORA DE LA ÚLTIMA TRANSACCIÓN
campo de control 20200930074510.0
008 - DATOS DE LONGITUD FIJA--INFORMACIÓN GENERAL
campo de control de longitud fija 111107s1938 ag 000 0 spa d
040 ## - FUENTE DE LA CATALOGACIÓN
Centro catalogador/agencia de origen DO-SdBNP
Lengua de catalogación spa
Centro/agencia transcriptor BNPHU
082 ## - NÚMERO DE LA CLASIFICACIÓN DECIMAL DEWEY
Número de clasificación xxxx
Número de documento/Ítem C357
245 00 - MENCIÓN DE TÍTULO
Título Catálogo cronológico de reales cédulas órdenes, decretos, provisiones, etc., referentes a América 1508-1810 :
Resto del título seguido de un índice alfabético de nombres de persona y otro auxiliar de lugares, instituciones, órdenes religiosas, pueblos indígenas, mitos, animales y cosas.
260 ## - PUBLICACIÓN, DISTRIBUCIÓN, ETC.
Lugar de publicación, distribución, etc. Buenos Aires :
Nombre del editor, distribuidor, etc. Biblioteca Nacional Argentina,
Fecha de publicación, distribución, etc. 1938.
300 ## - DESCRIPCIÓN FÍSICA
Extensión 302 p. ;
Dimensiones 26 cm.
Existencias
Estado de retiro Estado de pérdida Restricciones de uso No para préstamo Código de colección Localización permanente Ubicación/localización actual Ubicación en estantería Fecha de adquisición Número de inventario Total de préstamos Signatura topográfica completa Código de barras Fecha visto por última vez Precio válido a partir de Tipo de ítem Koha
      Excluido de préstamo Monografías: Libros y Folletos General General En catalogación 07.11.2011 LF1   xxxx C357 35644-10 25.06.2020 25.06.2020 No se presta

Con tecnología Koha